00574nam a2200193Ia 4500003000400000005001700004008004100021040000700062041000800069082001600077100002400093245006800117260004200185300000700227365000700234650002200241650009400263650002300357OSt20241128154436.0210719s1953 xx 000 0 und d cAL aeng a378.14 STAR aST ALOYSIUS COLLEGE aSt. Aloysius college Mangalore: Report and prize list 1953-1963 aMangalorebSt. Aloysius Collegec1953 bPB cRs aHigher Education  a1953-1954,1955-1956,1956-1957,1957-1958,1958-1959,1959-1960,1960-1961,1961-1962,1962-1963 amissing: 1954-1955